Catálogo

El exilio incomodo : (Registro nro. 59571)

Detalles MARC
000 -LEADER
fixed length control field 00818nam a2200241 a 4500
001 - CONTROL NUMBER
control field 59571
005 - DATE AND TIME OF LATEST TRANSACTION
control field 20180714060552.0
008 - FIXED-LENGTH DATA ELEMENTS--GENERAL INFORMATION
fixed length control field 140415s2009 mx 000 0 spa d
020 ## - INTERNATIONAL STANDARD BOOK NUMBER
International Standard Book Number 978 -607-462-284-3
041 ## - LANGUAGE CODE
Language code of text/sound track or separate title spa
082 0# - DEWEY DECIMAL CLASSIFICATION NUMBER
Classification number 305.8924072
Item number GLE
100 1# - MAIN ENTRY--PERSONAL NAME
Personal name Gleizer, Daniela
245 13 - TITLE STATEMENT
Title El exilio incomodo :
Remainder of title México y los refugiados judíos, 1933-1945 /
Statement of responsibility, etc. Daniela Gleizer.
250 ## - EDITION STATEMENT
Edition statement Primera edición
260 ## - PUBLICATION, DISTRIBUTION, ETC.
Place of publication, distribution, etc. España :
Name of publisher, distributor, etc. Síntesis,
Date of publication, distribution, etc. 2009.
300 ## - PHYSICAL DESCRIPTION
Extent XXIV 548 ;
Dimensions 23 x 1.7 x 17.
336 ## - CONTENT TYPE
Content type term texto
Source rdacontent
337 ## - MEDIA TYPE
Media type term sin mediación
Source rdamedia
338 ## - CARRIER TYPE
Carrier type term volumen
Source rdacarrier
650 #4 - SUBJECT ADDED ENTRY--TOPICAL TERM
Topical term or geographic name entry element Judíos
Geographic subdivision México
General subdivision Historia
-- Siglo XX
650 #4 - SUBJECT ADDED ENTRY--TOPICAL TERM
Topical term or geographic name entry element Inmigrantes
Geographic subdivision México
General subdivision Historia
-- Siglo XX
650 #4 - SUBJECT ADDED ENTRY--TOPICAL TERM
Geographic subdivision México
General subdivision Emigración e inmigración
-- Política gubernamental
Existencias
Withdrawn status Lost status Source of classification or shelving scheme Damaged status Not for loan Collection code Home library Current library Shelving location Date acquired Source of acquisition Inventory number Total Checkouts Full call number Barcode Date last seen Price effective from Koha item type
    Dewey Decimal Classification     General Biblioteca Karol Wojtyla Biblioteca Karol Wojtyla Sala general 14/05/2015 Compra 151000000000000000053644   305.8924072 GLE 2011 92558 05/01/2026 09/02/2016 Libro